00861 am a2200205 a 450000500170000000800410001702000150005804100080007310000200008124500360010125001250013726000530026230000110031550000870032665300460041365300540045965300560051365300420056965300440061120240625084124.0100624s2003||||sp a f |||| 001 0 spa d a8420010081 aspa1 aGlaser, Roland. aBiofísica / cRoland Glaser. a1a ed. en español de la edición original en inglés bTraducción Félix Royo López y Félix M. Royo Longás. aZaragoza [España]: bEditorial Acribia;c2003. a396 p. aGlaser, R. (2003). Biofísica. (1a ed.). Zaragoza [España] : Editorial Acribia. aNaturaleza y temática de la biofísica aEstructura molecular de los sistemas biológicos aEnergía y dinámica de los sistemas biológicos aFactores físicos del medio ambiente aCinética de los sistemas biológicos